[Event "Göteborg Open 2015"]
[Site "Biblioteksgatan 2, Mölnlycke, Sweden"]
[Date "2015.08.15"]
[Round "5.6"]
[White "Svensson, Leif"]
[Black "Braun, Christian"]
[Result "1-0"]
[BlackElo "2420"]
[WhiteElo "2106"]
[LiveChessVersion "1.4.6"]

1. d4 {[%clk 1:30:57]} e6 {[%clk 1:30:54]} 2. e4 {[%clk 1:31:19]} d5
{[%clk 1:31:20]} 3. Nc3 {[%clk 1:31:44]} Nc6 {[%clk 1:31:46]} 4. e5
{[%clk 1:30:59]} f6 {[%clk 1:32:08]} 5. Nf3 {[%clk 1:25:50]} fxe5
{[%clk 1:31:50]} 6. dxe5 {[%clk 1:26:08]} Bb4 {[%clk 1:31:48]} 7. a3
{[%clk 1:22:48]} Be7 {[%clk 1:32:02]} 8. Bd3 {[%clk 1:22:43]} Nh6
{[%clk 1:32:23]} 9. Bxh6 {[%clk 1:19:08]} gxh6 {[%clk 1:32:45]} 10. Qe2
{[%clk 1:19:19]} Bf8 {[%clk 1:31:36]} 11. O-O {[%clk 1:17:27]} Bg7
{[%clk 1:31:30]} 12. Rad1 {[%clk 1:14:44]} Bd7 {[%clk 1:29:04]} 13. Nb5
{[%clk 1:12:10]} a6 {[%clk 1:28:50]} 14. Nbd4 {[%clk 1:12:35]} Ne7
{[%clk 1:26:09]} 15. Nh4 {[%clk 1:09:11]} O-O {[%clk 1:25:46]} 16. Qg4
{[%clk 1:07:18]} Qc8 {[%clk 1:25:31]} 17. c4 {[%clk 1:02:01]} c5 {[%clk 1:25:17]}
18. Ne2 {[%clk 1:01:50]} Qc7 {[%clk 1:22:44]} 19. f4 {[%clk 1:00:07]} b5
{[%clk 1:14:34]} 20. b3 {[%clk 0:52:56]} Qc8 {[%clk 1:05:35]} 21. Ng3
{[%clk 0:51:29]} Nf5 {[%clk 1:00:58]} 22. Nh5 {[%clk 0:49:58]} Rf7
{[%clk 1:00:04]} 23. Nxf5 {[%clk 0:44:31]} exf5 {[%clk 1:00:10]} 24. Qe2
{[%clk 0:44:44]} bxc4 {[%clk 0:57:48]} 25. bxc4 {[%clk 0:44:55]} d4
{[%clk 0:58:12]} 26. Rb1 {[%clk 0:43:18]} Qc6 {[%clk 0:57:47]} 27. Qc2
{[%clk 0:43:12]} Qg6 {[%clk 0:57:33]} 28. Ng3 {[%clk 0:43:09]} h5
{[%clk 0:55:05]} 29. Rb7 {[%clk 0:42:20]} Ba4 {[%clk 0:44:28]} 30. Qb1
{[%clk 0:41:23]} Rxb7 {[%clk 0:43:26]} 31. Qxb7 {[%clk 0:41:42]} Bc6
{[%clk 0:39:57]} 32. Qb1 {[%clk 0:41:51]} h4 {[%clk 0:38:35]} 33. Bxf5
{[%clk 0:42:08]} Qh6 {[%clk 0:38:46]} 34. Ne4 {[%clk 0:39:52]} Rf8
{[%clk 0:36:57]} 35. Ng5 {[%clk 0:38:15]} Kh8 {[%clk 0:36:22]} 36. e6
{[%clk 0:36:44]} Be8 {[%clk 0:36:37]} 37. e7 {[%clk 0:30:52]} Rf6
{[%clk 0:36:22]} 38. Qb8 {[%clk 0:31:02]} Qh5 {[%clk 0:36:43]} 39. Bd7
{[%clk 0:31:21]} 1-0

[Event "Göteborg Open 2015"]
[Site "Biblioteksgatan 2, Mölnlycke, Sweden"]
[Date "2015.08.15"]
[Round "5.7"]
[White "Åkesson, Joel"]
[Black "Outgajjouft, Said"]
[Result "1-0"]
[BlackElo "2121"]
[WhiteElo "2264"]
[LiveChessVersion "1.4.6"]

1. Nf3 {[%clk 1:30:53]} Nc6 {[%clk 1:29:49]} 2. d4 {[%clk 1:28:25]} d5
{[%clk 1:27:53]} 3. Bf4 {[%clk 1:28:21]} Nf6 {[%clk 1:25:47]} 4. e3
{[%clk 1:22:23]} Nh5 {[%clk 1:17:57]} 5. Be5 {[%clk 1:14:07]} Nxe5
{[%clk 1:15:15]} 6. dxe5 {[%clk 1:05:45]} g6 {[%clk 1:10:45]} 7. c4
{[%clk 1:02:51]} dxc4 {[%clk 0:47:39]} 8. Qxd8+ {[%clk 0:58:45]} Kxd8
{[%clk 0:48:01]} 9. Bxc4 {[%clk 0:59:09]} e6 {[%clk 0:48:18]} 10. Nc3
{[%clk 0:55:21]} Bb4 {[%clk 0:48:04]} 11. O-O-O+ {[%clk 0:47:46]} Ke7
{[%clk 0:48:05]} 12. Be2 {[%clk 0:41:34]} Bd7 {[%clk 0:34:23]} 13. Nd4
{[%clk 0:41:46]} Rad8 {[%clk 0:30:40]} 14. Bf3 {[%clk 0:41:24]} c6
{[%clk 0:27:41]} 15. Ne4 {[%clk 0:34:37]} Ba5 {[%clk 0:24:40]} 16. Bxh5
{[%clk 0:24:27]} gxh5 {[%clk 0:25:03]} 17. Nf6 {[%clk 0:24:47]} Bc7
{[%clk 0:23:25]} 18. f4 {[%clk 0:24:22]} h4 {[%clk 0:23:46]} 19. Nf3
{[%clk 0:20:43]} h3 {[%clk 0:22:09]} 20. gxh3 {[%clk 0:21:09]} c5
{[%clk 0:22:24]} 21. Nxd7 {[%clk 0:17:40]} Rxd7 {[%clk 0:22:49]} 22. Rxd7+
{[%clk 0:17:00]} Kxd7 {[%clk 0:23:17]} 23. Rg1 {[%clk 0:15:54]} Bd8
{[%clk 0:22:47]} 24. Rg7 {[%clk 0:12:34]} Ke8 {[%clk 0:23:15]} 25. Nd2
{[%clk 0:10:28]} Kf8 {[%clk 0:18:51]} 26. Rg4 {[%clk 0:10:50]} Rg8
{[%clk 0:18:32]} 27. Ne4 {[%clk 0:10:14]} b6 {[%clk 0:17:52]} 28. Kc2
{[%clk 0:09:06]} h5 {[%clk 0:18:02]} 29. Rg3 {[%clk 0:05:11]} Bh4
{[%clk 0:17:45]} 30. Rxg8+ {[%clk 0:05:11]} Kxg8 {[%clk 0:18:13]} 31. Ng3
{[%clk 0:05:01]} Bxg3 {[%clk 0:17:10]} 32. hxg3 {[%clk 0:05:26]} Kg7
{[%clk 0:16:45]} 33. Kd3 {[%clk 0:04:42]} a6 {[%clk 0:16:52]} 34. Kc4
{[%clk 0:04:47]} Kf8 {[%clk 0:16:19]} 35. a4 {[%clk 0:04:48]} Ke7
{[%clk 0:16:39]} 36. a5 {[%clk 0:04:55]} 1-0

[Event "Göteborg Open 2015"]
[Site "Biblioteksgatan 2, Mölnlycke, Sweden"]
[Date "2015.08.15"]
[Round "5.8"]
[White "Nygren, Kim"]
[Black "Dahl, Trygve"]
[Result "1-0"]
[BlackElo "2090"]
[WhiteElo "2211"]
[LiveChessVersion "1.4.6"]

1. e4 {[%clk 1:29:02]} c5 {[%clk 1:30:46]} 2. Nf3 {[%clk 1:29:04]} e6
{[%clk 1:31:07]} 3. d4 {[%clk 1:29:19]} cxd4 {[%clk 1:31:25]} 4. Nxd4
{[%clk 1:29:43]} a6 {[%clk 1:31:52]} 5. Nc3 {[%clk 1:30:06]} Qc7 {[%clk 1:32:10]}
6. Be3 {[%clk 1:30:08]} Bb4 {[%clk 1:32:20]} 7. Nde2 {[%clk 1:24:16]} Nf6
{[%clk 1:31:31]} 8. a3 {[%clk 1:24:08]} Be7 {[%clk 1:30:19]} 9. f4
{[%clk 1:22:19]} d6 {[%clk 1:28:59]} 10. Nd4 {[%clk 1:20:10]} Nbd7
{[%clk 1:27:27]} 11. Qf3 {[%clk 1:15:49]} b5 {[%clk 1:21:04]} 12. Bd3
{[%clk 1:12:44]} Bb7 {[%clk 1:21:18]} 13. O-O {[%clk 1:11:53]} O-O
{[%clk 1:20:48]} 14. g4 {[%clk 1:10:46]} g6 {[%clk 1:17:07]} 15. g5
{[%clk 1:03:58]} Nh5 {[%clk 1:16:18]} 16. Qh3 {[%clk 0:59:18]} Nb6
{[%clk 1:11:23]} 17. f5 {[%clk 0:55:14]} e5 {[%clk 1:06:57]} 18. fxg6
{[%clk 0:51:01]} hxg6 {[%clk 1:02:08]} 19. Nf5 {[%clk 0:49:44]} Nc4
{[%clk 0:57:34]} 20. Bxc4 {[%clk 0:45:38]} bxc4 {[%clk 0:57:53]} 21. Rf3
{[%clk 0:42:37]} d5 {[%clk 0:41:59]} 22. Raf1 {[%clk 0:26:36]} d4
{[%clk 0:33:38]} 23. Nh6+ {[%clk 0:26:59]} Kh8 {[%clk 0:33:58]} 24. Rxf7
{[%clk 0:23:18]} Rxf7 {[%clk 0:20:36]} 25. Rxf7 {[%clk 0:21:20]} Bc8
{[%clk 0:20:13]} 26. Qxh5 {[%clk 0:16:39]} gxh5 {[%clk 0:19:03]} 27. g6
{[%clk 0:16:22]} Bf8 {[%clk 0:19:16]} 28. Rxf8+ {[%clk 0:16:20]} Kg7
{[%clk 0:19:40]} 29. Rg8+ {[%clk 0:16:42]} Kf6 {[%clk 0:19:50]} 30. Nd5+
{[%clk 0:17:03]} 1-0

[Event "Göteborg Open 2015"]
[Site "Biblioteksgatan 2, Mölnlycke, Sweden"]
[Date "2015.08.15"]
[Round "5.9"]
[White "Ask, Josef"]
[Black "Olsen, Robin"]
[Result "1-0"]
[BlackElo "2071"]
[WhiteElo "2166"]
[LiveChessVersion "1.4.6"]

1. e4 c6 2. d3 d5 3. Nd2 e5 4. Ngf3 Bd6 5. g3 Nf6 6. Bg2 O-O 7. O-O h6 8. Re1 Re8
9. c3 dxe4 10. dxe4 Be6 11. Nb3 Qc7 12. h3 Na6 13. Nh4 Bf8 14. f4 Rad8 15. Qf3
Bxb3 16. axb3 Nc5 17. fxe5 Nd3 18. Rf1 Nxe5 19. Qe2 Qb6+ 20. Kh1 Qxb3 21. Bxh6 a6
22. Rxf6 gxh6 23. Raf1 Bg7 24. R6f2 Rd7 25. Qh5 Qe6 26. Nf5 Qg6 27. Qe2 Nd3 28.
Rf3 Red8 29. Rxd3 1-0

[Event "Göteborg Open 2015"]
[Site "Biblioteksgatan 2, Mölnlycke, Sweden"]
[Date "2015.08.15"]
[Round "5.10"]
[White "Harstad, Christian"]
[Black "Vagle, Raymond"]
[Result "1/2-1/2"]
[BlackElo "2020"]
[WhiteElo "1948"]
[LiveChessVersion "1.4.6"]

1. d4 Nf6 2. c4 g6 3. Nc3 Bg7 4. e4 d6 5. Nf3 O-O 6. Be2 e5 7. O-O exd4 8. Nxd4
Re8 9. f3 Nc6 10. Nxc6 bxc6 11. Bg5 Rb8 12. Qd2 Qe7 13. Rfe1 Bd7 14. Rad1 h6 15.
Be3 c5 16. b3 Qf8 17. Bf1 Bc6 18. Nd5 Bxd5 19. cxd5 Rb4 20. Bc4 g5 21. a3 Rb6 22.
b4 Nd7 23. Rb1 Ne5 24. Ba2 Reb8 25. Bf2 Qe7 26. Qc2 Qf6 27. bxc5 Rxb1 28. Rxb1
Rxb1+ 29. Bxb1 g4 30. cxd6 cxd6 31. fxg4 Qf4 32. h3 Ng6 33. g3 Qf3 34. Qd3 Qf6
35. Kg2 Qb2 36. Bc2 Bc3 37. Bxa7 Ne5 38. Qe2 Qxa3 39. Be3 Kg7 40. g5 hxg5 41.
Bxg5 Qb2 42. h4 Bd4 43. Bf4 Qa1 44. Bxe5+ Bxe5 45. Qg4+ Kf8 46. Qc8+ Kg7 47. Qg4+
Kf8 48. Qe2 Qc3 49. Bd3 Kg7 50. h5 Qc1 51. Qg4+ Kf8 52. Ba6 Qd2+ 53. Kh3 Qe3 54.
Be2 Qg1 55. Qc8+ Kg7 56. Qg4+ Kf8 57. Qf3 Qc1 58. Bb5 Qg5 59. Bd7 Ke7 60. Bc8 Kf8
61. Be6 Bf6 62. Bc8 Be5 63. Be6 Bf6 64. Bf5 Be5 65. Bg6 Bf6 66. Bf5 Be5 67. Qg4
Qc1 68. Qf3 Qg5 69. Be6 Bf6 1/2-1/2

[Event "Göteborg Open 2015"]
[Site "Biblioteksgatan 2, Mölnlycke, Sweden"]
[Date "2015.08.15"]
[Round "6.1"]
[White "Al-Hadarani, Hatim"]
[Black "Westerberg, Jonathan"]
[Result "0-1"]
[BlackElo "2464"]
[WhiteElo "2254"]
[LiveChessVersion "1.4.6"]

1. d4 {[%clk 1:29:43]} d5 {[%clk 1:30:49]} 2. Bg5 {[%clk 1:29:27]} h6
{[%clk 1:31:01]} 3. Bh4 {[%clk 1:29:39]} c5 {[%clk 1:30:56]} 4. Nc3
{[%clk 1:27:37]} Nc6 {[%clk 1:24:38]} 5. e3 {[%clk 1:27:17]} cxd4
{[%clk 1:23:00]} 6. exd4 {[%clk 1:27:26]} Qa5 {[%clk 1:22:34]} 7. Nf3
{[%clk 1:26:04]} Bg4 {[%clk 1:20:55]} 8. Be2 {[%clk 1:26:05]} e6 {[%clk 1:20:38]}
9. O-O {[%clk 1:25:20]} Bxf3 {[%clk 1:17:11]} 10. Bxf3 {[%clk 1:24:37]} Bd6
{[%clk 1:17:01]} 11. Ne2 {[%clk 1:13:19]} Nge7 {[%clk 1:17:13]} 12. Bg3
{[%clk 1:13:27]} Bxg3 {[%clk 1:16:45]} 13. hxg3 {[%clk 1:11:23]} b5
{[%clk 1:14:20]} 14. g4 {[%clk 1:08:53]} O-O {[%clk 1:12:59]} 15. Qc1
{[%clk 0:49:43]} Rac8 {[%clk 1:05:35]} 16. g5 {[%clk 0:45:22]} hxg5
{[%clk 1:05:34]} 17. Qxg5 {[%clk 0:44:41]} Qd8 {[%clk 1:02:39]} 18. Bg4
{[%clk 0:38:35]} Ng6 {[%clk 0:59:23]} 19. Qd2 {[%clk 0:38:44]} Qh4
{[%clk 0:57:36]} 20. Bh3 {[%clk 0:38:48]} Nge7 {[%clk 0:54:16]} 21. f4
{[%clk 0:37:26]} g6 {[%clk 0:50:39]} 22. Rf3 {[%clk 0:36:16]} Kg7
{[%clk 0:50:18]} 23. c3 {[%clk 0:33:16]} Rh8 {[%clk 0:47:53]} 24. a4
{[%clk 0:31:35]} bxa4 {[%clk 0:43:57]} 25. Rxa4 {[%clk 0:31:35]} a5
{[%clk 0:44:25]} 26. g4 {[%clk 0:22:54]} Rb8 {[%clk 0:35:26]} 27. Ra1
{[%clk 0:18:37]} Rb6 {[%clk 0:35:29]} 28. Nc1 {[%clk 0:11:15]} Ng8
{[%clk 0:34:27]} 29. f5 {[%clk 0:11:14]} exf5 {[%clk 0:33:56]} 30. gxf5
{[%clk 0:11:37]} Nce7 {[%clk 0:32:48]} 31. Nd3 {[%clk 0:11:03]} Nxf5
{[%clk 0:32:06]} 32. Rxa5 {[%clk 0:11:16]} Nf6 {[%clk 0:32:03]} 33. Qg2
{[%clk 0:10:41]} Nd6 {[%clk 0:21:05]} 34. Ra7 {[%clk 0:10:55]} Rb7
{[%clk 0:21:07]} 35. Ra6 {[%clk 0:09:43]} Nde4 {[%clk 0:21:18]} 36. Bf5
{[%clk 0:08:57]} Rh5 {[%clk 0:16:38]} 37. Rh3 {[%clk 0:07:22]} Qg5
{[%clk 0:16:58]} 38. Rxh5 {[%clk 0:07:21]} Qxh5 {[%clk 0:16:53]} 39. Bxe4
{[%clk 0:07:20]} dxe4 40. Ne5 Qh4 {[%clk 0:17:16]} 41. b4 {[%clk 0:02:08]} Qe1+
{[%clk 0:15:58]} 42. Qf1 {[%clk 0:02:20]} Qg3+ {[%clk 0:16:16]} 43. Kh1
{[%clk 0:02:14]} Nd5 {[%clk 0:14:52]} 44. Qg2 {[%clk 0:02:01]} Qxg2+
{[%clk 0:13:26]} 45. Kxg2 {[%clk 0:02:30]} Nxc3 {[%clk 0:13:48]} 46. Kf2
{[%clk 0:02:41]} Nd5 {[%clk 0:14:05]} 47. Rd6 {[%clk 0:01:49]} Nf6
{[%clk 0:12:02]} 48. Nc6 {[%clk 0:01:25]} Rb6 {[%clk 0:11:23]} 49. Ke3
{[%clk 0:01:35]} Ra6 {[%clk 0:11:26]} 50. d5 {[%clk 0:01:16]} Ra3+
{[%clk 0:11:18]} 51. Ke2 {[%clk 0:01:40]} Rd3 {[%clk 0:10:51]} 52. Ne7
{[%clk 0:01:28]} Nh5 {[%clk 0:10:25]} 53. Ra6 {[%clk 0:00:45]} Nf4+
{[%clk 0:10:33]} 54. Ke1 {[%clk 0:00:57]} e3 {[%clk 0:08:07]} 55. Ra1
{[%clk 0:00:33]} Rd2 {[%clk 0:08:24]} 56. b5 {[%clk 0:00:46]} Nd3+
{[%clk 0:08:50]} 57. Kf1 {[%clk 0:00:54]} e2+ {[%clk 0:09:15]} 0-1

[Event "Göteborg Open 2015"]
[Site "Biblioteksgatan 2, Mölnlycke, Sweden"]
[Date "2015.08.15"]
[Round "6.2"]
[White "Rozentalis, Eduardas"]
[Black "Zelbel, Patrick"]
[Result "1/2-1/2"]
[BlackElo "2450"]
[WhiteElo "2528"]
[LiveChessVersion "1.4.6"]

1. e4 {[%clk 1:30:58]} e5 {[%clk 1:30:47]} 2. Nf3 {[%clk 1:31:14]} Nc6
{[%clk 1:31:12]} 3. Bb5 {[%clk 1:31:29]} a6 {[%clk 1:31:37]} 4. Bxc6
{[%clk 1:31:30]} dxc6 {[%clk 1:32:03]} 5. Nc3 {[%clk 1:31:21]} f6
{[%clk 1:30:09]} 6. d4 {[%clk 1:31:24]} exd4 {[%clk 1:30:11]} 7. Nxd4
{[%clk 1:31:47]} c5 {[%clk 1:29:50]} 8. Nde2 {[%clk 1:32:01]} Qxd1+
{[%clk 1:30:14]} 9. Nxd1 {[%clk 1:32:27]} Be6 {[%clk 1:29:54]} 10. Bf4
{[%clk 1:31:32]} O-O-O {[%clk 1:30:06]} 11. Ne3 {[%clk 1:31:47]} Ne7
{[%clk 1:28:21]} 12. Rd1 {[%clk 1:31:37]} Rxd1+ {[%clk 1:28:36]} 13. Kxd1
{[%clk 1:31:56]} f5 {[%clk 1:28:55]} 14. exf5 {[%clk 1:26:05]} Nxf5
{[%clk 1:28:41]} 15. Nxf5 {[%clk 1:26:29]} Bxf5 {[%clk 1:29:08]} 16. Re1
{[%clk 1:26:51]} Kd7 {[%clk 1:27:06]} 17. Nc3 {[%clk 1:25:51]} Bd6
{[%clk 1:27:05]} 18. Bxd6 {[%clk 1:23:44]} cxd6 {[%clk 1:27:07]} 19. Nd5
{[%clk 1:19:47]} Re8 {[%clk 1:26:58]} 20. Rxe8 {[%clk 0:55:35]} Kxe8
{[%clk 1:27:16]} 21. Kd2 {[%clk 0:55:36]} Be4 {[%clk 1:18:20]} 22. Ne3
{[%clk 0:54:13]} Kf7 {[%clk 1:13:55]} 23. f3 {[%clk 0:50:48]} Bc6
{[%clk 1:08:52]} 24. Nc4 {[%clk 0:48:05]} Ke6 {[%clk 0:48:17]} 25. Na5
{[%clk 0:40:11]} Bd5 {[%clk 0:48:30]} 26. c4 {[%clk 0:40:33]} 1/2-1/2

[Event "Göteborg Open 2015"]
[Site "Biblioteksgatan 2, Mölnlycke, Sweden"]
[Date "2015.08.15"]
[Round "6.3"]
[White "Nygren, Kim"]
[Black "Wiedenkeller, Michael"]
[Result "0-1"]
[BlackElo "2453"]
[WhiteElo "2211"]
[LiveChessVersion "1.4.6"]

1. e4 {[%clk 1:30:56]} e6 {[%clk 1:30:22]} 2. d4 {[%clk 1:31:03]} d5
{[%clk 1:30:45]} 3. e5 {[%clk 1:31:26]} c5 {[%clk 1:31:08]} 4. Qg4
{[%clk 1:31:40]} Nc6 {[%clk 1:27:24]} 5. Nf3 {[%clk 1:30:35]} Nge7
{[%clk 1:24:25]} 6. Bd3 {[%clk 1:28:40]} Nxd4 {[%clk 1:17:59]} 7. Nxd4
{[%clk 1:28:40]} cxd4 {[%clk 1:18:23]} 8. O-O {[%clk 1:25:45]} Nc6
{[%clk 1:17:59]} 9. Bf4 {[%clk 1:25:11]} f5 {[%clk 1:11:18]} 10. Qg3
{[%clk 1:21:01]} Rg8 {[%clk 1:01:27]} 11. Qh3 {[%clk 1:13:21]} h6
{[%clk 0:57:23]} 12. Re1 {[%clk 0:54:36]} Qc7 {[%clk 0:49:40]} 13. c3
{[%clk 0:51:02]} g5 {[%clk 0:46:36]} 14. Bd2 {[%clk 0:49:53]} Nxe5
{[%clk 0:44:04]} 15. Bb5+ {[%clk 0:48:38]} Kf7 {[%clk 0:37:21]} 16. cxd4
{[%clk 0:43:57]} Nc6 {[%clk 0:37:01]} 17. Nc3 {[%clk 0:40:28]} Bd7
{[%clk 0:35:42]} 18. g4 {[%clk 0:32:51]} f4 {[%clk 0:31:54]} 19. Bd3
{[%clk 0:32:29]} Kg7 {[%clk 0:26:31]} 20. Nb5 {[%clk 0:27:24]} Qd8
{[%clk 0:26:02]} 21. Re2 {[%clk 0:26:57]} Qf6 {[%clk 0:25:12]} 22. Bc2
{[%clk 0:17:33]} Kh8 {[%clk 0:22:49]} 23. Rae1 {[%clk 0:12:37]} Rc8
{[%clk 0:23:03]} 24. Qd3 {[%clk 0:09:16]} Rg7 {[%clk 0:23:18]} 25. Bb1
{[%clk 0:02:51]} a6 {[%clk 0:23:09]} 26. Nc3 {[%clk 0:03:11]} Nxd4
{[%clk 0:18:52]} 27. Re5 {[%clk 0:03:20]} Nc6 {[%clk 0:17:59]} 28. R5e2
{[%clk 0:00:38]} Bc5 {[%clk 0:14:35]} 29. Na4 {[%clk 0:00:48]} Ba7
{[%clk 0:14:43]} 30. b4 {[%clk 0:00:44]} Nd4 {[%clk 0:14:16]} 31. Nc3
{[%clk 0:00:37]} Nxe2+ {[%clk 0:14:29]} 32. Rxe2 {[%clk 0:00:46]} Bd4
{[%clk 0:13:53]} 33. Nd1 {[%clk 0:00:46]} Bb5 {[%clk 0:13:56]} 34. Qf3
{[%clk 0:01:11]} e5 {[%clk 0:13:19]} 35. Re1 {[%clk 0:00:48]} e4 {[%clk 0:13:43]}
36. Qh3 {[%clk 0:00:39]} Bd7 {[%clk 0:12:33]} 37. Qb3 {[%clk 0:00:56]} Be6
{[%clk 0:12:22]} 38. b5 {[%clk 0:00:46]} axb5 {[%clk 0:10:55]} 39. Qxb5
{[%clk 0:01:07]} Bg8 {[%clk 0:10:08]} 40. a4 {[%clk 0:01:17]} Qe6
{[%clk 0:10:20]} 41. h3 {[%clk 0:01:38]} h5 {[%clk 0:10:34]} 42. Kg2
{[%clk 0:00:39]} hxg4 {[%clk 0:10:48]} 43. Rh1 {[%clk 0:00:55]} f3+
{[%clk 0:10:51]} 44. Kf1 {[%clk 0:01:11]} g3 {[%clk 0:10:58]} 45. Ke1
{[%clk 0:00:33]} g2 {[%clk 0:10:34]} 46. Rg1 {[%clk 0:00:53]} Qe5
{[%clk 0:10:45]} 47. Be3 {[%clk 0:00:31]} Bxe3 {[%clk 0:10:52]} 48. fxe3
{[%clk 0:00:51]} Qg3+ {[%clk 0:10:55]} 0-1

[Event "Göteborg Open 2015"]
[Site "Biblioteksgatan 2, Mölnlycke, Sweden"]
[Date "2015.08.15"]
[Round "6.4"]
[White "Ask, Josef"]
[Black "Fries-Nielsen, Jens Ove"]
[Result "1/2-1/2"]
[BlackElo "2434"]
[WhiteElo "2166"]
[LiveChessVersion "1.4.6"]

1. e4 {[%clk 1:30:58]} a6 {[%clk 1:30:35]} 2. d4 {[%clk 1:31:16]} e6
{[%clk 1:30:05]} 3. Bd3 {[%clk 1:31:21]} d6 {[%clk 1:28:23]} 4. f4
{[%clk 1:30:58]} e5 {[%clk 1:27:20]} 5. Nf3 {[%clk 1:31:00]} exd4
{[%clk 1:22:43]} 6. Nxd4 {[%clk 1:29:51]} Qh4+ {[%clk 1:22:12]} 7. g3
{[%clk 1:29:59]} Qf6 {[%clk 1:22:40]} 8. Nc3 {[%clk 1:27:41]} Ne7
{[%clk 1:22:14]} 9. Be3 {[%clk 1:26:52]} Nbc6 {[%clk 1:21:44]} 10. Qd2
{[%clk 1:25:01]} Bd7 {[%clk 1:18:32]} 11. Qf2 {[%clk 1:24:31]} Nb4
{[%clk 1:13:56]} 12. O-O-O {[%clk 1:22:58]} c5 {[%clk 1:12:48]} 13. Nf3
{[%clk 1:22:19]} Bc6 {[%clk 1:09:15]} 14. Be2 {[%clk 1:21:57]} Qe6
{[%clk 1:07:58]} 15. b3 {[%clk 1:09:15]} Qf6 {[%clk 1:07:52]} 16. Kd2
{[%clk 1:06:18]} O-O-O {[%clk 1:03:32]} 17. a3 {[%clk 1:05:46]} d5
{[%clk 1:03:24]} 18. e5 {[%clk 1:05:49]} d4 {[%clk 1:03:45]} 19. Bxd4
{[%clk 1:01:18]} Qg6 {[%clk 1:02:34]} 20. axb4 {[%clk 1:01:16]} cxd4
{[%clk 1:02:32]} 21. Na2 {[%clk 0:58:38]} Nf5 {[%clk 1:01:42]} 22. Bd3
{[%clk 0:57:23]} Qh5 {[%clk 0:59:10]} 23. Bxf5+ {[%clk 0:53:18]} Qxf5
{[%clk 0:59:37]} 24. Rhe1 {[%clk 0:53:11]} d3 {[%clk 0:53:26]} 25. c3
{[%clk 0:52:58]} Be7 {[%clk 0:43:34]} 26. Nd4 {[%clk 0:51:38]} Rxd4
{[%clk 0:43:52]} 27. Qxd4 {[%clk 0:51:15]} g5 {[%clk 0:43:59]} 28. c4
{[%clk 0:43:02]} Bf3 {[%clk 0:43:28]} 29. Rc1 {[%clk 0:42:17]} gxf4
{[%clk 0:42:15]} 30. gxf4 {[%clk 0:42:13]} Rd8 {[%clk 0:41:56]} 31. Qe3
{[%clk 0:42:04]} Qh3 {[%clk 0:41:31]} 32. Rf1 {[%clk 0:41:43]} Qxh2+
{[%clk 0:39:53]} 33. Rf2 {[%clk 0:41:41]} Bg2 {[%clk 0:40:17]} 34. Kc3
{[%clk 0:30:07]} h5 {[%clk 0:37:22]} 35. Qe4 {[%clk 0:24:22]} Bxe4
{[%clk 0:34:00]} 36. Rxh2 {[%clk 0:24:48]} h4 {[%clk 0:34:27]} 37. Re1
{[%clk 0:23:02]} Bf5 {[%clk 0:33:16]} 38. Rg1 {[%clk 0:19:24]} h3
{[%clk 0:33:12]} 39. Kd2 {[%clk 0:16:47]} b6 {[%clk 0:32:22]} 40. Ke3
{[%clk 0:16:21]} Kb7 {[%clk 0:28:58]} 41. Kd2 {[%clk 0:14:32]} Rd4
{[%clk 0:24:24]} 42. Rg7 {[%clk 0:12:13]} Rd7 {[%clk 0:23:22]} 43. Rg3
{[%clk 0:10:01]} Rd4 {[%clk 0:21:12]} 44. Rg7 {[%clk 0:09:46]} Rd7
{[%clk 0:18:48]} 45. Rg3 {[%clk 0:10:08]} f6 {[%clk 0:18:51]} 46. Rhxh3
{[%clk 0:06:33]} Bxh3 {[%clk 0:17:01]} 47. Rxh3 {[%clk 0:06:56]} fxe5
{[%clk 0:17:29]} 48. Rxd3 {[%clk 0:06:01]} Rxd3+ {[%clk 0:17:27]} 49. Kxd3
{[%clk 0:06:28]} exf4 {[%clk 0:17:48]} 50. Ke4 {[%clk 0:06:40]} Bd6
{[%clk 0:17:36]} 51. Nc3 {[%clk 0:04:35]} Bxb4 {[%clk 0:14:27]} 52. Nd5
{[%clk 0:04:52]} Bd2 {[%clk 0:13:54]} 53. Nxf4 {[%clk 0:05:03]} Bxf4
{[%clk 0:12:10]} 54. Kxf4 {[%clk 0:05:30]} Kc6 {[%clk 0:12:25]} 55. Ke4
{[%clk 0:05:16]} Kc5 {[%clk 0:12:37]} 56. Kd3 {[%clk 0:05:41]} Kb4
{[%clk 0:12:44]} 57. Kc2 {[%clk 0:06:05]} a5 {[%clk 0:12:46]} 58. Kb2
{[%clk 0:06:16]} a4 {[%clk 0:12:05]} 59. bxa4 {[%clk 0:06:40]} Kxc4
{[%clk 0:11:47]} 60. a5 {[%clk 0:06:51]} bxa5 {[%clk 0:12:05]} 1/2-1/2

[Event "Göteborg Open 2015"]
[Site "Biblioteksgatan 2, Mölnlycke, Sweden"]
[Date "2015.08.15"]
[Round "6.5"]
[White "Svensson, Leif"]
[Black "Åkesson, Joel"]
[Result "0-1"]
[BlackElo "2264"]
[WhiteElo "2106"]
[LiveChessVersion "1.4.6"]

1. d4 {[%clk 1:30:55]} e6 {[%clk 1:30:53]} 2. e4 {[%clk 1:31:19]} d5
{[%clk 1:31:19]} 3. Nc3 {[%clk 1:31:44]} Bb4 {[%clk 1:31:45]} 4. Nge2
{[%clk 1:32:03]} dxe4 {[%clk 1:27:53]} 5. a3 {[%clk 1:32:26]} Be7
{[%clk 1:27:08]} 6. Nxe4 {[%clk 1:32:49]} Nf6 {[%clk 1:27:20]} 7. Nxf6+
{[%clk 1:31:47]} Bxf6 {[%clk 1:27:43]} 8. Be3 {[%clk 1:32:07]} O-O
{[%clk 1:24:05]} 9. g3 {[%clk 1:28:57]} c5 {[%clk 1:17:22]} 10. Bg2
{[%clk 1:27:49]} Nc6 {[%clk 1:15:50]} 11. c3 {[%clk 1:27:34]} cxd4
{[%clk 1:11:29]} 12. cxd4 {[%clk 1:27:34]} Ne7 {[%clk 1:04:43]} 13. O-O
{[%clk 1:21:35]} Bd7 {[%clk 0:58:41]} 14. Nc3 {[%clk 1:17:38]} Bc6
{[%clk 0:54:07]} 15. Ne4 {[%clk 1:15:34]} Nd5 {[%clk 0:45:11]} 16. Rc1
{[%clk 1:12:22]} Rc8 {[%clk 0:44:25]} 17. Nxf6+ {[%clk 1:07:49]} Qxf6
{[%clk 0:41:59]} 18. Qd2 {[%clk 1:07:44]} h6 {[%clk 0:41:18]} 19. Rc2
{[%clk 1:05:23]} Rcd8 {[%clk 0:38:28]} 20. Rfc1 {[%clk 1:02:13]} Rd7
{[%clk 0:33:56]} 21. Rc5 {[%clk 0:58:41]} Rfd8 {[%clk 0:32:47]} 22. b4
{[%clk 0:58:26]} Ne7 {[%clk 0:30:56]} 23. b5 {[%clk 0:55:13]} Bxg2
{[%clk 0:30:04]} 24. Kxg2 {[%clk 0:55:29]} Nf5 {[%clk 0:27:06]} 25. Rc8
{[%clk 0:54:27]} Rxc8 {[%clk 0:24:04]} 26. Rxc8+ {[%clk 0:54:47]} Kh7
{[%clk 0:24:26]} 27. Qc2 {[%clk 0:53:13]} Qg6 {[%clk 0:22:38]} 28. Rc7
{[%clk 0:45:38]} Nh4+ {[%clk 0:18:56]} 29. Kf1 {[%clk 0:44:31]} Rxc7
{[%clk 0:18:59]} 30. Qxc7 {[%clk 0:44:50]} Qd3+ {[%clk 0:19:22]} 0-1